Detalles MARC
| 000 -CABECERA |
| campo de control de longitud fija |
01085cam a2200193 a 4500 |
| 001 - NÚMERO DE CONTROL |
| campo de control |
000018749 |
| 005 - FECHA Y HORA DE LA ÚLTIMA TRANSACCIÓN |
| campo de control |
20200929165842.0 |
| 008 - DATOS DE LONGITUD FIJA--INFORMACIÓN GENERAL |
| campo de control de longitud fija |
790125s1969 sp 000 1 spa d |
| 020 ## - NÚMERO INTERNACIONAL ESTÁNDAR DEL LIBRO |
| Número Internacional Estándar del Libro |
8401435153: |
| 040 ## - FUENTE DE LA CATALOGACIÓN |
| Centro catalogador/agencia de origen |
DO-SdBNP |
| Lengua de catalogación |
spa |
| Centro/agencia transcriptor |
BNPHU |
| 100 1# - ENTRADA PRINCIPAL--NOMBRE DE PERSONA |
| Nombre de persona |
Candel, Francisco. |
| 9 (RLIN) |
40464 |
| 245 10 - MENCIÓN DE TÍTULO |
| Título |
Treinta mil pesetas por um hombre / |
| Mención de responsabilidad, etc. |
Francisco Candel. |
| 260 ## - PUBLICACIÓN, DISTRIBUCIÓN, ETC. |
| Lugar de publicación, distribución, etc. |
Madrid : |
| Nombre del editor, distribuidor, etc. |
Alfaguara, |
| Fecha de publicación, distribución, etc. |
1969. |
| 300 ## - DESCRIPCIÓN FÍSICA |
| Extensión |
219 p. ; |
| Dimensiones |
19 cm. |
| 490 1# - MENCIÓN DE SERIE |
| Mención de serie |
Narración Bolsillo |
| Designación de volumen o secuencia |
3 |
| 505 0# - NOTA DE CONTENIDO CON FORMATO |
| Información miscelánea |
Dedicatoria -- |
| Título |
El abrigo -- |
| -- |
El gitano que tenía el corazón grande -- |
| -- |
El veterano -- |
| -- |
!Trágame, tierra! -- |
| -- |
Coné -- |
| -- |
La fusila -- |
| -- |
En la comisaría -- |
| -- |
Premeditación y alevosía -- |
| -- |
Treinta mil pesetas por un hombre -- |
| -- |
Cuanto más te quiero, más te apuñego -- |
| -- |
Fray Gerundio de Campazas -- |
| -- |
!Yo quiero volver a Málaga! -- |
| -- |
Carta de Alemania -- |
| -- |
El hombre que se escribía con Franco -- |
| -- |
La navidad de los pobres -- |
| -- |
Lección de caridad -- |
| -- |
El despido -- |
| -- |
Que se mueran los feos -- |
| -- |
Doña Marina Morada de la Vela. |
| 830 #0 - PUNTO DE ACCESO ADICIONAL DE SERIE-TÍTULO UNIFORME |
| Título uniforme |
Narración Bolsillo, |
| Designación de volumen o secuencia |
3 |
| 9 (RLIN) |
30956 |
| 910 ## - DATOS DE OPCIÓN DEL USUARIO (OCLC) |
| Datos de opción del usuario |
Catalogación derivada / LC |